000 00422nam a22001697a 4500
003 OSt
005 20140310182358.0
008 131001t xxu||||| |||| 00| 0 eng d
020 _a186115897
050 _aL 99
_b.Sl938 1999
082 _aTR 395
_bSt9 1999
245 _aStudying the past.
260 _aAustralia :
_b R.I.C Pub,
_c1999.
300 _a41 p. :
_bill. ;
_c28 cm.
942 _2lcc
_cBK-TR
999 _c12523
_d12523